Энергетика: эффективность, надежность, безопасность: материалы докладов 18 Всероссийской научно-технической конференции, Томск, 5-7 декабря 2012 г.

Bibliografiske detaljer
Corporate Authors: Томский политехнический университет (ТПУ), Российский фонд фундаментальных исследований (РФФИ), Томское профессорское собрание, Международная энергетическая академия, Международная академия наук экологии и безопасности жизнедеятельности (МАНЭБ), Энергетика: эффективность, надежность, безопасность Всероссийская научно-техническая конференция
Andre forfattere: Литвак В. В. Валерий Владимирович
Summary:Настоящий сборник содержит материалы восемнадцатой Всероссийской научно-технической конференции "Энергетика: эффективность, надежность, безопасность", проведенной 5-7 декабря 2012 г. на базе ГОУ ВПО НИ ТПУ. В пленарных и секционных докладах обсуждаются проблемы эффективности и безопасности электроэнергетических и теплоэнергетических установок и систем, вопросы энергосбережения и проблемы ядерной энергетики. Рассматриваются научные проблемы и задачи экологии и защиты «окружающей среды, медико-биологические аспекты техногенного влияния среды на организм.
Sprog:russisk
Udgivet: Томск, СПБ Графикс, 2012
Fag:
Format: MixedMaterials Bog
KOHA link:https://koha.lib.tpu.ru/cgi-bin/koha/opac-detail.pl?biblionumber=247815

MARC

LEADER 00000nam0a2200000 4500
001 247815
005 20240109092048.0
035 |a (RuTPU)RU\TPU\book\269425 
035 |a RU\TPU\book\250373 
090 |a 247815 
100 |a 20140115d2012 k y0rusy50 ca 
101 0 |a rus 
102 |a RU 
105 |a a z 111zy 
200 1 |a Энергетика: эффективность, надежность, безопасность  |e материалы докладов 18 Всероссийской научно-технической конференции, Томск, 5-7 декабря 2012 г.  |f Томский политехнический университет (ТПУ) [и др.] ; гл. ред. В. В. Литвак 
210 |a Томск  |c СПБ Графикс  |d 2012 
215 |a 532 с.  |c ил. 
320 |a Библиография в конце докладов. 
330 |a Настоящий сборник содержит материалы восемнадцатой Всероссийской научно-технической конференции "Энергетика: эффективность, надежность, безопасность", проведенной 5-7 декабря 2012 г. на базе ГОУ ВПО НИ ТПУ. В пленарных и секционных докладах обсуждаются проблемы эффективности и безопасности электроэнергетических и теплоэнергетических установок и систем, вопросы энергосбережения и проблемы ядерной энергетики. Рассматриваются научные проблемы и задачи экологии и защиты «окружающей среды, медико-биологические аспекты техногенного влияния среды на организм. 
606 1 |a Энергетика  |2 stltpush  |3 (RuTPU)RU\TPU\subj\21200  |9 46224 
610 1 |a управляемые реакторы 
610 1 |a фотоэлектрические энергетические установки 
610 1 |a электромеханическое оборудование 
610 1 |a электрические сети 
610 1 |a сильноточные контактные соединения 
610 1 |a электрическая энергия 
610 1 |a энергосистемы 
610 1 |a крановые электродвигатели 
610 1 |a энергопотребление 
610 1 |a трансформаторы 
610 1 |a возобновляемые источники энергии 
610 1 |a нетрадиционные источники 
610 1 |a релейная защита 
610 1 |a воздушные линии электропередачи 
610 1 |a светодиодные источники 
610 1 |a солнечные коллекторы 
610 1 |a энергосбережение 
610 1 |a энергоэффективность 
610 1 |a конференции 
610 1 |a труды учёных ТПУ 
675 |a 620.9(063)  |v 3 
702 1 |a Литвак  |b В. В.  |c специалист в области теплоэнергетики  |c профессор Томского политехнического университета, доктор технических наук  |f 1940-  |g Валерий Владимирович  |3 (RuTPU)RU\TPU\pers\25676  |4 651  |9 11587 
712 0 2 |a Томский политехнический университет (ТПУ)  |c (1991-2009)  |3 (RuTPU)RU\TPU\col\376 
712 0 2 |a Российский фонд фундаментальных исследований (РФФИ)  |c (Москва)  |3 (RuTPU)RU\TPU\col\112 
712 0 2 |a Томское профессорское собрание  |3 (RuTPU)RU\TPU\col\15572  |9 26182 
712 0 2 |a Международная энергетическая академия  |c (Москва)  |3 (RuTPU)RU\TPU\col\5809  |9 24132 
712 0 2 |a Международная академия наук экологии и безопасности жизнедеятельности (МАНЭБ)  |c (Санкт-Петербург)  |3 (RuTPU)RU\TPU\col\822 
712 1 2 |a Энергетика: эффективность, надежность, безопасность  |b Всероссийская научно-техническая конференция  |d 18  |e Томск  |f 2012 
801 1 |a RU  |b 63413507  |c 20130115 
801 2 |a RU  |b 63413507  |c 20211007  |g RCR 
942 |c BK